<?xml version="1.0" encoding="UTF-8"?>
<collection xmlns="http://www.loc.gov/MARC21/slim">
  <record>
    <leader>00000nam  2200000   4500</leader>
    <controlfield tag="001">INLIS000000000003157</controlfield>
    <controlfield tag="005">20190710092334</controlfield>
    <datafield tag="035" ind1="#" ind2="#">
      <subfield code="a">0010-0718003157</subfield>
    </datafield>
    <controlfield tag="008">190710################g##########0#ind##</controlfield>
    <datafield tag="041" ind1=" " ind2=" ">
      <subfield code="a">id</subfield>
    </datafield>
    <datafield tag="082" ind1="#" ind2="#">
      <subfield code="a">155.4</subfield>
    </datafield>
    <datafield tag="090" ind1=" " ind2=" ">
      <subfield code="a">155.4 Dar I</subfield>
    </datafield>
    <datafield tag="100" ind1=" " ind2="#">
      <subfield code="a">Dargatz, Jan</subfield>
    </datafield>
    <datafield tag="245" ind1="1" ind2="#">
      <subfield code="a">52 Cara Membangun Harga Diri dan Percaya Diri Anak /</subfield>
      <subfield code="c">Jan Dargatz</subfield>
    </datafield>
    <datafield tag="250" ind1="#" ind2="#">
      <subfield code="a">Cet.1</subfield>
    </datafield>
    <datafield tag="260" ind1="#" ind2="#">
      <subfield code="b">Pustaka Tangga,</subfield>
      <subfield code="c">1999</subfield>
    </datafield>
    <datafield tag="300" ind1="#" ind2="#">
      <subfield code="a">xii 173 hlm . ;</subfield>
      <subfield code="c">20 cm</subfield>
    </datafield>
    <datafield tag="650" ind1=" " ind2="#">
      <subfield code="a">Psikologi-anak</subfield>
    </datafield>
    <datafield tag="084" ind1="#" ind2="#">
      <subfield code="a">155.4 Dar l</subfield>
    </datafield>
    <datafield tag="520" ind1="#" ind2="#">
      <subfield code="a">Pemahaman seorang anak akan nilai dirinya, terutama nilainya sebagaimana yang Anda persepsikan dan sampaikan kepadanya, adalah akar dari harga-dirinya. Karena itu tak seorangpun yang bisa menanamkan harga-diri seorang anak secara lebih baik, dari pada orang tuanya yang mengasihinya. Sementara itu, pemahaman seorang anak akan kemampuannya adalah akar dari percaya-dirinya. Anak perlu diyakinkan bahwa ia bisa menanggulangi kegagalan, meraih sasaran yang positif dan mudah menguasai diri dalam berbagai situasi. Dan hanya dengan melihat, mendengar, serta mengikuti perbuatan orangtualah, anak belajar menguasai ketrampilan hidup yang penting itu. Inilah esendi dari 52 uraian yang berharga, yang disajikan di dalam buku ini.</subfield>
    </datafield>
    <datafield tag="856" ind1="#" ind2="#">
      <subfield code="a">Perpustakaan Lembaga Administrasi Negara</subfield>
    </datafield>
    <datafield tag="990" ind1="#" ind2="#">
      <subfield code="a">06049930</subfield>
    </datafield>
    <datafield tag="990" ind1="#" ind2="#">
      <subfield code="a">06049930</subfield>
    </datafield>
  </record>
</collection>
